Hacia políticas públicas de segundo orden en América latina (Record no. 181764)
[ view plain ]
| 000 -CABECERA | |
|---|---|
| campo de control de longitud fija | 01614nab a2200301 a 4500 |
| 005 - FECHA Y HORA DE LA ÚLTIMA TRANSACCIÓN | |
| campo de control | 20250618121015.0 |
| 008 - ELEMENTOS DE LONGITUD FIJA--INFORMACIÓN GENERAL | |
| campo de control de longitud fija | 991125c2015 mx tr p o 000 0 spa d |
| 035 ## - NÚMERO DE CONTROL DEL SISTEMA | |
| Número de control de sistema | UPN01000209663 |
| 040 ## - FUENTE DE LA CATALOGACIÓN | |
| Centro catalogador/agencia de origen | MX-MxUPN |
| Lengua de catalogación | spa |
| Centro/agencia transcriptor | MX-MxUPN |
| Normas de descripción | aacr2 |
| 049 ## - COLECCIÓN | |
| Colección | ART-E |
| 100 1# - ASIENTO PRINCIPAL--NOMBRE PERSONAL | |
| Nombre de persona | Vallejos Romero, Arturo |
| 100 1# - ASIENTO PRINCIPAL--NOMBRE PERSONAL | |
| Filiación | arturo.vallejos@ufrontera.cl |
| 100 1# - ASIENTO PRINCIPAL--NOMBRE PERSONAL | |
| Nombre de persona | Valdivieso, Patricio |
| 100 1# - ASIENTO PRINCIPAL--NOMBRE PERSONAL | |
| Filiación | patricio.valdivieso@ulagos.cl |
| 245 10 - MENCIÓN DE TÍTULO | |
| Título | Hacia políticas públicas de segundo orden en América latina |
| 506 0# - NOTA DE RESTRICCIONES AL ACCESO | |
| Limitaciones de acceso | Acceso abierto |
| 520 3# - NOTA DE RESUMEN, ETC. | |
| Sumario, etc. | El presente estudio aborda las complejidades que deben enfrentar las políticas públicas para dar respuestas satis factorias en el contexto de sociedades funcionalmente diferenciadas. Desde la aproximación de la teoría de sistemas sociales, argumenta a favor de políticas públicas de segundo orden que faciliten los procesos de transformación de sistemas y actores sociales que operan según sus propias lógicas de funcionamiento. Ilustra los pro blemas derivados de las aproximaciones de primer orden, de comando y control, con la experiencia latinoamericana y chilena en particular. |
| 650 #2 - ASIENTO SECUNDARIO DE MATERIA - TERMINO TEMATICO | |
| Término de materia o nombre geográfico como elemento de entrada | Sistemas sociales |
| 9 (RLIN) | 15124 |
| 653 0# - TERMINO DE INDIZACION - NO CONTROLADO | |
| Término no controlado | Política pública |
| 653 0# - TERMINO DE INDIZACION - NO CONTROLADO | |
| Término no controlado | América Latina |
| 653 0# - TERMINO DE INDIZACION - NO CONTROLADO | |
| Término no controlado | Intervención de segundo orden |
| 773 ## - ENLACE AL DOCUMENTO FUENTE/ENTRADA DE REGISTRO ANFITRIÓN | |
| Parte(s) relacionada(s) | Vol. 11, no. 26 (2014), p. 323-352 |
| Título | Andamios : revista de investigación social |
| Número Internacional Normalizado para Publicaciones Seriadas | 2594-1917 |
| 856 4# - LOCALIZACIÓN Y ACCESO ELECTRÓNICOS | |
| Identificador Uniforme del Recurso | <a href="https://andamios.uacm.edu.mx/index.php/andamios/article/view/207">https://andamios.uacm.edu.mx/index.php/andamios/article/view/207</a> |
| 856 4# - LOCALIZACIÓN Y ACCESO ELECTRÓNICOS | |
| Identificador Uniforme del Recurso | <a href="https://doi.org/10.29092/uacm.v11i26.207">https://doi.org/10.29092/uacm.v11i26.207</a> |
| 902 ## - ELEMENTOS DE DATOS B LOCAL, LDB (RLIN) | |
| Creó | Gloria Jiménez/180625 |
| 905 ## - TIPO DE MATERIAL | |
| Tipo de material | Articulo |
| 942 ## - ELEMENTOS DE PUNTO DE ACCESO ADICIONAL (KOHA) | |
| Tipo de ítem Koha | Artículo Electrónico |
| Estado de retiro | Estado de pérdida | Estado dañado | No para préstamo | Código de colección | Localización permanente | Ubicación/localización actual | Ubicación en estantería | Fecha de adquisición | Total de préstamos | Fecha visto por última vez | Identificador Uniforme del Recurso | Precio válido a partir de | Tipo de ítem Koha |
|---|---|---|---|---|---|---|---|---|---|---|---|---|---|
| Acceso abierto | Bib. Gregorio Torres Quintero | Bib. Gregorio Torres Quintero | En línea | 18/06/2025 | 18/06/2025 | https://doi.org/10.29092/uacm.v11i26.207 | 18/06/2025 | Artículo Electrónico |
